[Event "Jaffna op"]
[Site "Jaffna"]
[Date "2023.12.11"]
[Round "8"]
[White "Jayaweera, Y."]
[Black "Manuranga, D Lahiru"]
[Result "1-0"]
[WhiteElo "1720"]
[BlackElo "1358"]
[PlyCount "153"]
[EventDate "2023.12.08"]
[EventType "swiss"]
[EventRounds "10"]
[EventCountry "SRI"]
[SourceTitle "CB51_2023"]
[SourceDate "2023.12.20"]
[SourceVersion "1"]
[SourceVersionDate "2023.12.20"]
[SourceQuality "1"]

1. d4 Nf6 2. Nf3 g6 3. c4 Bg7 4. g3 0-0 5. Bg2 d6 6. 0-0 Nbd7 7. Nc3 e5 8. dxe5 dxe5 9. Qc2 c6 10. h3 Qc7 11. Be3 b6 12. Rad1 Bb7 13. Qc1 Rfe8 14. Bh6 Bh8 15. e4 Nc5 16. Ng5 Bg7 17. Bxg7 Kxg7 18. b4 Ne6 19. Nxe6+ Rxe6 20. Rd3 Rd8 21. Rfd1 Red6 22. Qe3 Rxd3 23. Rxd3 Rxd3 24. Qxd3 Qd7 25. Qe3 Qd4 26. Qxd4 exd4 27. Ne2 c5 28. bxc5 bxc5 29. e5 Ne4 30. Nf4 Kf8 31. Nd3 Ke7 32. Bxe4 Bxe4 33. Nxc5 Bb1 34. a3 Ba2 35. f4 Bxc4 36. Kf2 f6 37. Kf3 f5 38. g4 fxg4+ 39. hxg4 Bd5+ 40. Kg3 Bc4 41. f5 gxf5 42. gxf5 h5 43. Kf4 d3 44. Ne4 Bd5 45. Nd2 Bb7 46. Kg5 Bc8 47. f6+ Kf7 48. Kxh5 Bf5 49. Kh6 a5 50. Kg5 Bh7 51. Kf4 Ke6 52. Ke3 Bg6 53. Nf3 Bh5 54. Ng5+ Kxe5 55. f7 Bxf7 56. Nxf7+ Kd5 57. Kxd3 Kc5 58. Kc3 Kb5 59. Kb3 a4+ 60. Kc3 Ka5 61. Kc4 Kb6 62. Kb4 Ka6 63. Kxa4 Kb6 64. Ne5 Ka6 65. Nc4 Kb7 66. Ka5 Ka7 67. Nd6 Kb8 68. Kb6 Ka8 69. Nb5 Kb8 70. Nc7 Kc8 71. a4 Kb8 72. a5 Kc8 73. a6 Kb8 74. a7+ Kc8 75. a8Q+ Kd7 76. Qc6+ Kc8 77. Qe8# 1-0

[Event "SRI-chT"]
[Site "Colombo"]
[Date "2023.07.29"]
[Round "3.5"]
[White "Kalugampitiya, RS."]
[Black "Jayaweera, Y."]
[Result "1-0"]
[WhiteElo "2121"]
[BlackElo "1745"]
[PlyCount "95"]
[EventDate "2023.07.28"]
[EventType "team-tourn"]
[EventRounds "9"]
[EventCountry "SRI"]
[SourceTitle "CBM 215 Extra"]
[Source "ChessBase"]
[SourceDate "2023.09.30"]
[SourceVersion "1"]
[SourceVersionDate "2023.09.30"]
[SourceQuality "1"]
[WhiteTeam "Fischer CC"]
[BlackTeam "Super Knights CC"]
[WhiteTeamCountry "SRI"]
[BlackTeamCountry "SRI"]

1. e4 c5 2. Nf3 d6 3. d4 cxd4 4. Nxd4 Nf6 5. Nc3 g6 6. Be3 Bg7 7. f3 0-0 8. Qd2 Nc6 9. 0-0-0 d5 10. Nxc6 bxc6 11. exd5 Nxd5 12. Nxd5 cxd5 13. Qxd5 Rb8 14. b3 Qc7 15. Qc5 Qb7 16. Qxa7 Qxa7 17. Bxa7 Ra8 18. Bd4 e5 19. Bc5 Rxa2 20. Bxf8 Bxf8 21. Kb1 Ra7 22. Rd8 Be6 23. Bb5 Kg7 24. Rxf8 Kxf8 25. Re1 f6 26. Kb2 g5 27. c4 h5 28. Rc1 g4 29. c5 Ke7 30. Bc4 Bf5 31. b4 h4 32. b5 Rd7 33. Kc3 e4 34. Re1 g3 35. hxg3 hxg3 36. fxe4 Bg4 37. Re3 Ra7 38. Kb4 Ra1 39. Rxg3 Bd1 40. Rg7+ Kf8 41. Rf7+ Ke8 42. Rxf6 Ke7 43. Rf7+ Ke8 44. b6 Rb1+ 45. Kc3 Rc1+ 46. Kd4 Rb1 47. Rf1 Kd7 48. Bd5 1-0

[Event "Veyangoda Queenstar op"]
[Site "Veyangoda"]
[Date "2023.04.19"]
[Round "6"]
[White "Mathes Arachchi, Bhanila M"]
[Black "Jayaweera, Y."]
[Result "0-1"]
[WhiteElo "1397"]
[BlackElo "1720"]
[PlyCount "94"]
[EventDate "2023.04.16"]
[EventType "swiss"]
[EventRounds "9"]
[EventCountry "SRI"]
[SourceTitle "EXT 2024"]
[Source "ChessBase"]
[SourceDate "2023.10.10"]
[SourceVersion "1"]
[SourceVersionDate "2023.10.10"]
[SourceQuality "1"]

1. c4 Nf6 2. Nc3 g6 3. g3 Bg7 4. Bg2 0-0 5. e4 d6 6. Nge2 e5 7. d3 c6 8. 0-0 Be6 9. Rb1 d5 10. b3 Na6 11. h3 Qd7 12. Kh2 Rad8 13. Bg5 d4 14. Na4 b5 15. Nb2 h6 16. Bd2 Nh5 17. f4 f5 18. exf5 gxf5 19. fxe5 Bxe5 20. Nf4 Nxf4 21. Bxf4 Bxf4 22. Rxf4 Qd6 23. Qh5 Bd7 24. Re1 Kg7 25. a4 Rde8 26. Rxe8 Bxe8 27. Qh4 Nc5 28. Rxd4 Qe5 29. Qf4 Qxf4 30. Rxf4 b4 31. d4 Nxb3 32. d5 cxd5 33. cxd5 a5 34. d6 Rf6 35. Bd5 Rxd6 36. Bxb3 Rd2+ 37. Kg1 Rxb2 38. Be6 Bg6 39. Bxf5 Bxf5 40. Rxf5 Ra2 41. Rxa5 b3 42. Ra7+ Kf6 43. Ra6+ Ke5 44. Rxh6 b2 45. Rb6 Ra1+ 46. Kf2 b1Q 47. Rxb1 Rxb1 0-1

[Event "Veyangoda Queenstar op"]
[Site "Veyangoda"]
[Date "2023.04.18"]
[Round "5"]
[White "Jayaweera, Y."]
[Black "Kaluarachchi, Achinthya Shamen"]
[Result "0-1"]
[WhiteElo "1720"]
[BlackElo "1884"]
[PlyCount "66"]
[EventDate "2023.04.16"]
[EventType "swiss"]
[EventRounds "9"]
[EventCountry "SRI"]
[SourceTitle "EXT 2024"]
[Source "ChessBase"]
[SourceDate "2023.10.10"]
[SourceVersion "1"]
[SourceVersionDate "2023.10.10"]
[SourceQuality "1"]

1. d4 Nf6 2. Nf3 e6 3. c4 d5 4. Nc3 a6 5. cxd5 exd5 6. Bg5 Be7 7. e3 c6 8. Bd3 Nbd7 9. 0-0 0-0 10. Qc2 h6 11. Bh4 Re8 12. Rab1 Ne4 13. Bxe7 Qxe7 14. Bxe4 dxe4 15. Nd2 Nf6 16. Nc4 Be6 17. b3 Rad8 18. a4 c5 19. Ne2 Bg4 20. dxc5 Qxc5 21. a5 Qg5 22. Kh1 Nd5 23. Nd4 Qh5 24. b4 Nf6 25. b5 Rd5 26. f4 exf3 27. gxf3 Bh3 28. Rf2 axb5 29. Nb6 Rxd4 30. exd4 Bf5 31. Qd1 Bxb1 32. Qxb1 Qh4 33. Rf1 Re2 0-1

[Event "SRI-ch"]
[Site "Colombo"]
[Date "2023.04.03"]
[Round "13"]
[White "De Silva, LMST"]
[Black "Jayaweera, Y."]
[Result "1/2-1/2"]
[WhiteElo "2452"]
[BlackElo "1720"]
[PlyCount "73"]
[EventDate "2023.03.25"]
[EventType "tourn"]
[EventRounds "13"]
[EventCountry "SRI"]
[SourceTitle "CBM 213 Extra"]
[Source "ChessBase"]
[SourceDate "2023.05.31"]
[SourceVersion "1"]
[SourceVersionDate "2023.05.31"]
[SourceQuality "1"]

1. e4 c5 2. Nf3 d6 3. Bb5+ Nd7 4. Ba4 a6 5. c4 Ngf6 6. Nc3 g6 7. 0-0 Bg7 8. d3 0-0 9. h3 Ne5 10. Be3 b6 11. Nh2 Bb7 12. f4 Nc6 13. Qd2 Nd4 14. f5 b5 15. Bb3 b4 16. Ne2 Nxe2+ 17. Qxe2 e6 18. Qd2 exf5 19. exf5 Qc7 20. Bg5 Rae8 21. Rf2 Qc6 22. Raf1 gxf5 23. Bd1 Nd7 24. Bf3 Qc7 25. Bxb7 Qxb7 26. Rxf5 Bd4+ 27. Kh1 f6 28. Bh6 Rf7 29. Ng4 Kh8 30. Bg5 Rfe7 31. Bxf6+ Nxf6 32. Nxf6 Re3 33. Nd5 Re2 34. Qh6 Rg8 35. g4 Qg7 36. Qh4 Be5 37. Kg1 1/2-1/2

[Event "SRI-ch"]
[Site "Colombo"]
[Date "2023.03.27"]
[Round "6"]
[White "Jayaweera, Y."]
[Black "Morais, Sanithu Leander Pam"]
[Result "0-1"]
[WhiteElo "1720"]
[BlackElo "1573"]
[PlyCount "132"]
[EventDate "2023.03.25"]
[EventType "tourn"]
[EventRounds "13"]
[EventCountry "SRI"]
[SourceTitle "CBM 213 Extra"]
[Source "ChessBase"]
[SourceDate "2023.05.31"]
[SourceVersion "1"]
[SourceVersionDate "2023.05.31"]
[SourceQuality "1"]

1. d4 d5 2. Bf4 e6 3. e3 Nf6 4. Bd3 Bd6 5. Bg3 0-0 6. Nf3 b6 7. Qe2 Bb7 8. Nbd2 c5 9. c3 Nc6 10. Ne5 Qc7 11. f4 Ne7 12. Bh4 Ne4 13. 0-0 Nf5 14. Be1 g6 15. g4 Ng7 16. g5 Be7 17. Ndf3 Nf5 18. Ng4 Kg7 19. Nh4 Rh8 20. Nxf5+ exf5 21. Bxe4 dxe4 22. Ne5 Rad8 23. c4 h6 24. h4 hxg5 25. hxg5 cxd4 26. exd4 f6 27. gxf6+ Bxf6 28. d5 Qc5+ 29. Kg2 Rh6 30. Bc3 Qe7 31. Rh1 Rdh8 32. b3 Rxh1 33. Rxh1 Rxh1 34. Kxh1 g5 35. Qb2 Qe8 36. Qh2 g4 37. Kg2 b5 38. Qg1 Qh5 39. Qh2 Qxh2+ 40. Kxh2 bxc4 41. bxc4 Bxe5 42. fxe5 Kf7 43. Kg3 Ba6 44. c5 Bc4 45. d6 Bb5 46. Kf4 Ke6 47. Bd4 a6 48. Bf2 Bd7 49. a3 Kd5 50. Be3 a5 51. a4 Bxa4 52. Bd2 Bd7 53. Bxa5 Kxc5 54. Be1 Kd4 55. Bf2+ Kd3 56. Bb6 Ke2 57. Ba5 Kf2 58. Bb6+ Kg2 59. Ba5 g3 60. Be1 e3 61. Kxe3 Kh2 62. Kd4 Be6 63. Kc5 f4 64. Kd4 f3 65. Ke3 Kg2 66. Ba5 f2 0-1

[Event "SRI-ch"]
[Site "Colombo"]
[Date "2023.03.26"]
[Round "4"]
[White "Jayaweera, Y."]
[Black "Samaranayake, Pamok Methdinu"]
[Result "1-0"]
[WhiteElo "1720"]
[BlackElo "1570"]
[PlyCount "117"]
[EventDate "2023.03.25"]
[EventType "tourn"]
[EventRounds "13"]
[EventCountry "SRI"]
[SourceTitle "CBM 213 Extra"]
[Source "ChessBase"]
[SourceDate "2023.05.31"]
[SourceVersion "1"]
[SourceVersionDate "2023.05.31"]
[SourceQuality "1"]

1. d4 d5 2. Nf3 Nf6 3. c4 e6 4. Bg5 Be7 5. Nc3 Nbd7 6. e3 0-0 7. cxd5 exd5 8. Bd3 c6 9. 0-0 h6 10. Bh4 Re8 11. Rb1 a5 12. a3 Ne4 13. Bxe7 Qxe7 14. Nd2 Nxc3 15. bxc3 Qxa3 16. Qc2 Nf6 17. c4 Qe7 18. c5 Be6 19. Rb6 Reb8 20. Rfb1 Qc7 21. Qc3 Nd7 22. R6b2 Ra7 23. f4 f5 24. Qc2 g6 25. Nf3 Kg7 26. g4 Rf8 27. Nh4 Qd8 28. gxf5 Qxh4 29. fxe6 Qg4+ 30. Kh1 Qxe6 31. Rg1 Rf6 32. Qb1 Nf8 33. Rbg2 a4 34. Qb6 Ra6 35. Qxb7+ Kh8 36. Qxa6 Qxe3 37. Bc2 Qxf4 38. Qxa4 g5 39. Qb4 Ne6 40. Qd2 Nxd4 41. Qxf4 Rxf4 42. Ba4 Kg7 43. Rg4 Kf6 44. Rxf4+ gxf4 45. Kg2 Kf5 46. Kf2 h5 47. h4 f3 48. Rg5+ Ke4 49. Rxh5 Kf4 50. Rh6 Kg4 51. Bxc6 Nxc6 52. Rxc6 d4 53. Rd6 d3 54. c6 d2 55. Rxd2 Kh3 56. c7 Kh2 57. Kxf3+ Kh1 58. c8R Kg1 59. Rc1# 1-0

[Event "SRI-chB"]
[Site "Colombo"]
[Date "2023.03.12"]
[Round "10"]
[White "Kaluarachchi, Achinthya Shamen"]
[Black "Jayaweera, Y."]
[Result "1/2-1/2"]
[WhiteElo "1884"]
[BlackElo "1720"]
[PlyCount "60"]
[EventDate "2023.03.04"]
[EventType "swiss"]
[EventRounds "11"]
[EventCountry "SRI"]
[SourceTitle "CBM 213 Extra"]
[Source "ChessBase"]
[SourceDate "2023.05.31"]
[SourceVersion "1"]
[SourceVersionDate "2023.05.31"]
[SourceQuality "1"]

1. d4 Nf6 2. c4 g6 3. Nc3 Bg7 4. e4 d6 5. Nf3 0-0 6. Be2 e5 7. dxe5 dxe5 8. Qxd8 Rxd8 9. Nd5 Nxd5 10. cxd5 c6 11. dxc6 Nxc6 12. Bd2 Nd4 13. Nxd4 Rxd4 14. f3 Be6 15. Bc3 Rd7 16. Kf2 a6 17. a3 Rad8 18. Rhd1 Rxd1 19. Rxd1 Rxd1 20. Bxd1 f6 21. Bb4 Bf8 22. Bxf8 Kxf8 23. Ke3 Bc4 24. Be2 Bxe2 25. Kxe2 Ke7 26. Kd3 Kd6 27. Kc4 Kc6 28. b4 b5+ 29. Kd3 Kd7 30. g3 Kd6 1/2-1/2

[Event "SRI-chB"]
[Site "Colombo"]
[Date "2023.03.11"]
[Round "9"]
[White "Jayaweera, Y."]
[Black "Senevirathne, SDBK"]
[Result "1/2-1/2"]
[WhiteElo "1720"]
[BlackElo "1710"]
[PlyCount "45"]
[EventDate "2023.03.04"]
[EventType "swiss"]
[EventRounds "11"]
[EventCountry "SRI"]
[SourceTitle "CBM 213 Extra"]
[Source "ChessBase"]
[SourceDate "2023.05.31"]
[SourceVersion "1"]
[SourceVersionDate "2023.05.31"]
[SourceQuality "1"]

1. d4 d5 2. Nf3 Nf6 3. c4 Bf5 4. g3 c6 5. Bg2 dxc4 6. Ne5 Bxb1 7. Rxb1 Qa5+ 8. Bd2 Qxa2 9. Qc1 Nbd7 10. Nxc4 Qb3 11. 0-0 e6 12. e4 Be7 13. Re1 0-0 14. Ra1 Bb4 15. Bf1 Bxd2 16. Qxd2 c5 17. e5 Nd5 18. Nd6 cxd4 19. Qxd4 Kh8 20. Kg2 Kg8 21. Kg1 Kh8 22. Kg2 Kg8 23. Kg1 1/2-1/2

[Event "SRI-chB"]
[Site "Colombo"]
[Date "2023.03.05"]
[Round "4"]
[White "Herath, HMJR"]
[Black "Jayaweera, Y."]
[Result "1/2-1/2"]
[WhiteElo "1339"]
[BlackElo "1720"]
[PlyCount "73"]
[EventDate "2023.03.04"]
[EventType "swiss"]
[EventRounds "11"]
[EventCountry "SRI"]
[SourceTitle "CBM 213 Extra"]
[Source "ChessBase"]
[SourceDate "2023.05.31"]
[SourceVersion "1"]
[SourceVersionDate "2023.05.31"]
[SourceQuality "1"]

1. e4 c5 2. Nf3 d6 3. d4 cxd4 4. Nxd4 Nf6 5. Nc3 a6 6. a4 e5 7. Nb3 Be7 8. Be2 Be6 9. Bf3 0-0 10. 0-0 Nbd7 11. Nd5 Nxd5 12. exd5 Bf5 13. a5 Bg5 14. Re1 Bg6 15. Bh5 f5 16. Bxg6 hxg6 17. f4 Bf6 18. fxe5 Bxe5 19. Nd4 Qh4 20. Nf3 Qc4 21. c3 f4 22. Ra4 Qc5+ 23. Kh1 Rae8 24. Ng5 Rf5 25. Ne6 Qf2 26. Nxf4 Ref8 27. Nh3 Qf1+ 28. Ng1 Rh5 29. Qxh5 Qxe1 30. Qg5 Rf1 31. Be3 Rf5 32. Qxg6 Rf6 33. Qg5 Nf8 34. Bd2 Qf1 35. Qe3 Rh6 36. h3 Rf6 37. Qg5 1/2-1/2

[Event "SRI-chB"]
[Site "Mount Lavinia"]
[Date "2022.03.18"]
[Round "6"]
[White "Ramanayaka, YRPM"]
[Black "Jayaweera, Y."]
[Result "1-0"]
[WhiteElo "1420"]
[BlackElo "1748"]
[PlyCount "71"]
[EventDate "2022.03.16"]
[EventType "swiss"]
[EventRounds "10"]
[EventCountry "SRI"]
[SourceTitle "EXT 2023"]
[Source "ChessBase"]
[SourceDate "2022.10.05"]
[SourceVersion "1"]
[SourceVersionDate "2022.10.05"]
[SourceQuality "1"]

1. e4 c5 2. Nf3 d6 3. c4 Nf6 4. Nc3 g6 5. d4 cxd4 6. Nxd4 Bg7 7. h3 0-0 8. Be3 Nc6 9. Be2 Bd7 10. 0-0 a5 11. Rc1 a4 12. Qd2 Qa5 13. Bd3 Ne5 14. f4 Nxd3 15. Qxd3 Bc6 16. Nc2 Nd7 17. Nd4 Nc5 18. Qc2 Na6 19. Kh1 Nb4 20. Qd2 Bd7 21. Nd5 Nc6 22. Nxc6 bxc6 23. Nxe7+ Kh8 24. Qxd6 Rfd8 25. e5 Bf8 26. Qf6+ Bg7 27. Qxf7 Qb4 28. e6 Re8 29. Nxg6+ hxg6 30. Qxd7 Qxb2 31. Rcd1 Qa3 32. Bd4 Rg8 33. e7 Qxa2 34. Bxg7+ Kxg7 35. e8Q+ Kh6 36. Qee7 1-0

[Event "SRI-chB"]
[Site "Mount Lavinia"]
[Date "2022.03.17"]
[Round "3"]
[White "Saravanabaavan, Brijeash"]
[Black "Jayaweera, Y."]
[Result "1-0"]
[WhiteElo "1559"]
[BlackElo "1748"]
[PlyCount "73"]
[EventDate "2022.03.16"]
[EventType "swiss"]
[EventRounds "10"]
[EventCountry "SRI"]
[SourceTitle "EXT 2023"]
[Source "ChessBase"]
[SourceDate "2022.10.05"]
[SourceVersion "1"]
[SourceVersionDate "2022.10.05"]
[SourceQuality "1"]

1. e4 g6 2. Nc3 Bg7 3. g3 c5 4. Bg2 Nc6 5. Nge2 e6 6. 0-0 d6 7. d3 Nge7 8. Be3 Nd4 9. Qd2 Rb8 10. Nd1 b5 11. c3 Nxe2+ 12. Qxe2 b4 13. c4 Nc6 14. Kh1 0-0 15. Qd2 Nd4 16. Rc1 Qa5 17. b3 Qb6 18. Bh6 a5 19. Bxg7 Kxg7 20. Ne3 f5 21. exf5 gxf5 22. Nc2 Nc6 23. Rcd1 e5 24. Qg5+ Kh8 25. Qh6 Bb7 26. Qxd6 Rbd8 27. Qh6 f4 28. Be4 Qc7 29. gxf4 Rxf4 30. Ne3 Nd4 31. Rg1 Nf3 32. Rg3 Qf7 33. Qb6 Rd7 34. Bxb7 Rxb7 35. Qxc5 Re7 36. Qd5 Qh5 37. Qg8# 1-0

[Event "Delkanda Inter Club-chT"]
[Site "Delkanda"]
[Date "2021.02.26"]
[Round "1.5"]
[White "Jayaweera, Y."]
[Black "Dahanayake, Isara Banidu"]
[Result "0-1"]
[WhiteElo "1778"]
[BlackElo "1679"]
[PlyCount "166"]
[EventDate "2021.02.26"]
[EventType "team-tourn"]
[EventRounds "9"]
[EventCountry "SRI"]
[SourceTitle "EXT 2022"]
[Source "ChessBase"]
[SourceDate "2021.10.06"]
[SourceVersion "1"]
[SourceVersionDate "2021.10.06"]
[SourceQuality "1"]
[WhiteTeam "Super Knight CC"]
[BlackTeam "Blue and Gold CC"]
[WhiteTeamCountry "SRI"]
[BlackTeamCountry "SRI"]

1. d4 Nf6 2. Nf3 g6 3. c4 Bg7 4. g3 0-0 5. Bg2 d6 6. 0-0 Nbd7 7. Nc3 e5 8. dxe5 dxe5 9. Qc2 Qe7 10. h3 Nc5 11. Bg5 c6 12. Rad1 h6 13. Be3 Bf5 14. Qc1 h5 15. Bg5 Qe6 16. Kh2 Nfe4 17. Nxe4 Bxe4 18. Qe3 Bxf3 19. Bxf3 Na6 20. b3 Kh7 21. Qc1 e4 22. Bg2 Nb4 23. Qd2 c5 24. Qd7 Nxa2 25. Qxb7 f6 26. Be3 Rad8 27. Bxc5 Rf7 28. Qxe4 Qxe4 29. Bxe4 Rxd1 30. Rxd1 Nc3 31. Bd5 Rc7 32. Rd3 Rxc5 33. Rxc3 a5 34. Re3 g5 35. Re6 Kg6 36. e4 Kh7 37. Kg2 g4 38. hxg4 hxg4 39. Kf1 Kg6 40. Ke2 Kg5 41. Ra6 f5 42. Bf7 Bf6 43. Bd5 fxe4 44. Bxe4 Re5 45. Kd3 Rc5 46. Ra8 Kh5 47. Bd5 Kg5 48. Ke4 Bc3 49. Rg8+ Kh5 50. Bf7+ Kh6 51. Rg6+ Kh7 52. Rxg4 Re5+ 53. Kd3 Be1 54. Rf4 Re7 55. Bd5 Kg6 56. c5 Bb4 57. Kc4 Re1 58. Kb5 Re5 59. Kc6 Re7 60. Kb6 Re5 61. Bf7+ Kg7 62. c6 Bc5+ 63. Ka6 Re7 64. Kxa5 Bd6 65. Kb6 Bc7+ 66. Ka6 Bxf4 67. gxf4 Kxf7 68. b4 Ke6 69. Kb6 Kd6 70. b5 Rf7 71. f3 Rxf4 72. Kb7 Rf7+ 73. Kb8 Rf8+ 74. Kb7 Rf7+ 75. Kb8 Rg7 76. f4 Rf7 77. Kc8 Rc7+ 78. Kd8 Rf7 79. Kc8 Kc5 80. Kd8 Kb6 81. f5 Rxf5 82. c7 Rd5+ 83. Ke7 Kxc7 0-1

[Event "SRI-chB"]
[Site "Maharaga"]
[Date "2020.03.08"]
[Round "5.9"]
[White "Jayaweera, Y."]
[Black "Randil, Lakshita"]
[Result "1/2-1/2"]
[WhiteElo "1679"]
[BlackElo "1945"]
[PlyCount "66"]
[EventDate "2020.03.06"]
[EventType "swiss"]
[EventRounds "11"]
[EventCountry "SRI"]
[SourceTitle "CBM 195 Extra"]
[Source "ChessBase"]
[SourceDate "2020.05.31"]
[SourceVersion "1"]
[SourceVersionDate "2020.05.31"]
[SourceQuality "1"]

1. Nf3 d5 2. d4 Nf6 3. c4 c6 4. Nc3 a6 5. cxd5 cxd5 6. Bf4 Nc6 7. e3 Bg4 8. h3 Bh5 9. Be2 e6 10. 0-0 Bd6 11. Bxd6 Qxd6 12. Qa4 0-0 13. Rfc1 b5 14. Qd1 Bxf3 15. Bxf3 Rac8 16. Ne2 Rc7 17. Rc2 Rfc8 18. Rac1 h6 19. Qd2 g5 20. Ng3 Kf8 21. Be2 Na7 22. a3 Rxc2 23. Rxc2 Ke7 24. Qc1 Rc6 25. Bd3 Nd7 26. Qd1 Rxc2 27. Bxc2 Qc7 28. Bd3 Nf6 29. Qd2 Qd6 30. Qc2 Nd7 31. Qd1 Nf6 32. Qc2 Nd7 33. Qd1 Nf6 1/2-1/2

[Event "Nugegoda GP 6th"]
[Site "Nugegoda"]
[Date "2019.06.03"]
[Round "11"]
[White "Jayaweera, Y."]
[Black "Silva, Kevin Ranidu"]
[Result "0-1"]
[WhiteElo "1749"]
[BlackElo "1673"]
[PlyCount "70"]
[EventDate "2019.05.25"]
[EventType "tourn"]
[EventRounds "11"]
[EventCountry "SRI"]
[SourceTitle "CBM 190 Extra"]
[Source "ChessBase"]
[SourceDate "2019.07.15"]
[SourceVersion "1"]
[SourceVersionDate "2019.07.15"]
[SourceQuality "1"]

1. b3 d5 2. Bb2 Nf6 3. Nf3 c5 4. e3 Nc6 5. d4 Bf5 6. c3 e6 7. Be2 Bd6 8. Nbd2 0-0 9. Nh4 Bg6 10. Nxg6 fxg6 11. f4 cxd4 12. cxd4 g5 13. g3 gxf4 14. gxf4 Bb4 15. 0-0 Qa5 16. Nf3 h6 17. Bd3 Ne7 18. Nh4 Ne4 19. a3 Bd6 20. b4 Qd8 21. Qg4 Nf5 22. Bxe4 dxe4 23. Ng6 Rf7 24. Rae1 Rc8 25. Qg2 Kh7 26. h4 h5 27. Ne5 Rf6 28. Qxe4 Bxe5 29. fxe5 Rg6+ 30. Kf2 Rg4 31. Qd3 Qxh4+ 32. Ke2 Rg2+ 33. Kd1 Qg4+ 34. Re2 Rxe2 35. Rxf5 Rxe3+ 0-1

[Event "Nugegoda GP 6th"]
[Site "Nugegoda"]
[Date "2019.06.02"]
[Round "9"]
[White "Galappaththi, Chinthaka Anuruddh"]
[Black "Jayaweera, Y."]
[Result "1-0"]
[WhiteElo "2077"]
[BlackElo "1749"]
[PlyCount "130"]
[EventDate "2019.05.25"]
[EventType "tourn"]
[EventRounds "11"]
[EventCountry "SRI"]
[SourceTitle "CBM 190 Extra"]
[Source "ChessBase"]
[SourceDate "2019.07.15"]
[SourceVersion "1"]
[SourceVersionDate "2019.07.15"]
[SourceQuality "1"]

1. Nf3 Nf6 2. d4 c5 3. d5 d6 4. c4 g6 5. Nc3 Bg7 6. e4 0-0 7. Bd3 e6 8. 0-0 exd5 9. cxd5 Re8 10. Nd2 a6 11. a4 Nh5 12. Nc4 Qc7 13. Be2 Nf6 14. Bf4 Nxe4 15. Nxe4 Rxe4 16. Bxd6 Qd8 17. Bxc5 Nd7 18. Be3 Ne5 19. Nxe5 Bxe5 20. Qd2 Bd7 21. a5 Qf6 22. Rab1 Re8 23. g3 Bd4 24. Bd3 Bh3 25. Bxe4 Rxe4 26. Qe2 Bg4 27. Bxd4 Qxd4 28. Qc2 Qxd5 29. f3 Rc4 30. Qe2 Bh3 31. Rf2 Qc5 32. Re1 h5 33. Qd2 Kg7 34. f4 Bf5 35. Qe2 Re4 36. Qd2 Rc4 37. Qe3 Qxe3 38. Rxe3 Bh3 39. Rd2 Be6 40. Kf2 Ra4 41. Re5 Rc4 42. Ke3 Rc7 43. h4 Kf6 44. Rd6 Ke7 45. Rb6 Kf8 46. Rexe6 fxe6 47. Rxe6 Kf7 48. Rb6 Rc5 49. b4 Rc7 50. Ke4 Rd7 51. f5 gxf5+ 52. Kxf5 Rd5+ 53. Kf4 Rd4+ 54. Kg5 Rg4+ 55. Kxh5 Rxg3 56. Rxb7+ Kg8 57. Rb6 Rb3 58. Kg6 Rg3+ 59. Kf5 Rf3+ 60. Ke5 Kg7 61. Rxa6 Rh3 62. Ra7+ Kf8 63. b5 Rxh4 64. b6 Rb4 65. b7 Ke8 1-0

[Event "Nugegoda GP 6th"]
[Site "Nugegoda"]
[Date "2019.06.01"]
[Round "8"]
[White "Jayaweera, Y."]
[Black "Liyanapathirana, Pasan Vindula"]
[Result "1-0"]
[WhiteElo "1749"]
[BlackElo "1806"]
[PlyCount "86"]
[EventDate "2019.05.25"]
[EventType "tourn"]
[EventRounds "11"]
[EventCountry "SRI"]
[SourceTitle "CBM 190 Extra"]
[Source "ChessBase"]
[SourceDate "2019.07.15"]
[SourceVersion "1"]
[SourceVersionDate "2019.07.15"]
[SourceQuality "1"]

1. Nf3 c5 2. d4 e6 3. c3 Nf6 4. Bf4 b6 5. g3 Bb7 6. Bg2 d6 7. 0-0 Be7 8. Re1 Qc7 9. Na3 a6 10. Rc1 0-0 11. Nc4 Rd8 12. b4 Bd5 13. Ncd2 c4 14. Qc2 Nbd7 15. e4 Bb7 16. e5 Ne8 17. Ng5 Nf8 18. d5 Bxd5 19. Bxd5 exd5 20. e6 fxe6 21. Nxe6 Nxe6 22. Rxe6 Nf6 23. Rce1 Bf8 24. Bg5 Re8 25. Bxf6 Rxe6 26. Rxe6 Qd7 27. Re2 gxf6 28. Nf3 Re8 29. Nd4 Bg7 30. Qf5 Rd8 31. Qxd5+ Qf7 32. Re6 b5 33. Nf5 h6 34. Qe4 d5 35. Qe2 Bf8 36. Qe3 Qg6 37. Qf3 h5 38. Rxa6 Qg4 39. Qxg4+ hxg4 40. Rxf6 Ra8 41. Rg6+ Kf7 42. Rxg4 Ra3 43. Rf4 Bxb4 1-0

[Event "Nugegoda GP 6th"]
[Site "Nugegoda"]
[Date "2019.05.26"]
[Round "4"]
[White "Jayaweera, Y."]
[Black "Wijekoon, Chandana"]
[Result "0-1"]
[WhiteElo "1749"]
[BlackElo "1913"]
[PlyCount "84"]
[EventDate "2019.05.25"]
[EventType "tourn"]
[EventRounds "11"]
[EventCountry "SRI"]
[SourceTitle "CBM 190 Extra"]
[Source "ChessBase"]
[SourceDate "2019.07.15"]
[SourceVersion "1"]
[SourceVersionDate "2019.07.15"]
[SourceQuality "1"]

1. d4 Nf6 2. Nf3 c5 3. c3 e6 4. Bf4 b6 5. g3 Bb7 6. Bg2 Be7 7. 0-0 0-0 8. Nbd2 d6 9. Re1 Qc7 10. e4 Nbd7 11. Rc1 Rac8 12. c4 cxd4 13. Nxd4 a6 14. b4 Rfe8 15. Be3 Qb8 16. f3 Bf8 17. Bf2 d5 18. exd5 exd5 19. a3 Ne5 20. cxd5 Bxd5 21. Rxc8 Qxc8 22. Ne4 Nxf3+ 23. Nxf3 Bxe4 24. Bxb6 Qc6 25. Bd4 Bxf3 26. Re4 Re7 27. Rxe7 Bxg2 28. Re8 Bh3 29. Rd8 Qc3 30. Qe2 Qc1+ 31. Kf2 Ng4+ 32. Kf3 Qc6+ 33. Qe4 Bg2+ 34. Kxg2 Qxe4+ 35. Kh3 h5 36. Bc5 Qe2 37. Rxf8+ Kh7 38. Kh4 Qxh2+ 39. Kg5 Nf6 40. Rxf7 Qxg3+ 41. Kf5 Qg6+ 42. Ke6 Ng8+ 0-1

[Event "Negambo op 4th"]
[Site "Negambo"]
[Date "2018.08.18"]
[Round "5"]
[White "Beligaswaththa, BAMKD"]
[Black "Jayaweera, Y."]
[Result "0-1"]
[WhiteElo "1368"]
[BlackElo "1755"]
[PlyCount "72"]
[EventDate "2018.08.16"]
[EventType "swiss"]
[EventRounds "10"]
[EventCountry "SRI"]
[SourceTitle "CBM 186 Extra"]
[Source "ChessBase"]
[SourceDate "2018.08.24"]
[SourceVersion "1"]
[SourceVersionDate "2018.08.24"]
[SourceQuality "1"]

1. d4 Nf6 2. c4 c5 3. d5 d6 4. Nc3 g6 5. e4 Bg7 6. f3 e6 7. Be3 exd5 8. cxd5 0-0 9. Qd2 a6 10. a4 Re8 11. Bh6 Bh8 12. Bd3 Nbd7 13. Nge2 Ne5 14. 0-0 Bd7 15. Kh1 c4 16. Bc2 b5 17. b3 b4 18. Na2 c3 19. Qd4 a5 20. Nxb4 axb4 21. Qxb4 Qc7 22. Qxc3 Qxc3 23. Nxc3 Rec8 24. Bd2 Rc7 25. h3 Nh5 26. Kh2 Be8 27. g4 Nxg4+ 28. fxg4 Bxc3 29. Bxc3 Rxc3 30. Bd1 Ng7 31. Rf6 Re3 32. b4 Rxe4 33. b5 Bxb5 34. Rxd6 Re1 35. Rb6 Be2 36. Rbb1 Rxd1 0-1

[Event "Ambalangoda Dhamso op 8th"]
[Site "Ambalangoda"]
[Date "2018.04.22"]
[Round "7"]
[White "Jayaweera, Y."]
[Black "De Silva, SS Gayashan"]
[Result "1-0"]
[WhiteElo "1734"]
[BlackElo "1382"]
[PlyCount "61"]
[EventDate "2018.04.19"]
[EventType "swiss"]
[EventRounds "9"]
[EventCountry "SRI"]
[SourceTitle "CBM 184 Extra"]
[Source "ChessBase"]
[SourceDate "2018.06.28"]
[SourceVersion "1"]
[SourceVersionDate "2018.06.28"]
[SourceQuality "1"]

1. Nf3 Nf6 2. d4 e6 3. c4 d5 4. g3 c6 5. Bg2 dxc4 6. Ne5 Bb4+ 7. Nc3 Nd5 8. Bd2 b5 9. a4 Bxc3 10. bxc3 Bb7 11. 0-0 a5 12. Rb1 f6 13. e4 Ne7 14. Nxc4 0-0 15. Re1 Ba6 16. Na3 b4 17. cxb4 Qxd4 18. b5 cxb5 19. axb5 Bb7 20. Be3 Qxd1 21. Rexd1 e5 22. Bc5 Kf7 23. Rbc1 Rc8 24. Nc4 Rc7 25. Nd6+ Kf8 26. b6 Rd7 27. Bh3 Bc6 28. b7 Ra6 29. Bxd7 Bxd7 30. Nc8 Rc6 31. Bxe7+ 1-0